[Event "C'Chartres Blitz op"]
[Site "Europe Echecs INT"]
[Date "2020.11.28"]
[Round "4"]
[White "Benmesbah, Natacha"]
[Black "Mesples, Jean Marc"]
[Result "1-0"]
[WhiteElo "2223"]
[BlackElo "1892"]
[PlyCount "79"]
[EventDate "2020.11.28"]
[EventType "swiss (blitz)"]
[EventRounds "11"]
[EventCountry "FRA"]
[SourceTitle "CBM 199 Extra"]
[Source "ChessBase"]
[SourceDate "2021.01.31"]
[SourceVersion "1"]
[SourceVersionDate "2021.01.31"]
[SourceQuality "1"]

1. e4 e5 2. Bc4 Nf6 3. d4 Nc6 4. Nf3 d6 5. dxe5 Nxe5 6. Nxe5 dxe5 7. Bxf7+ Ke7 8. Qxd8+ Kxd8 9. 0-0 Nxe4 10. Re1 Nd6 11. Bd5 c6 12. Bf3 Be7 13. Rxe5 Bf6 14. Bg5 Re8 15. Bxf6+ gxf6 16. Rxe8+ Kxe8 17. Nc3 Bf5 18. Rd1 Nc4 19. b3 Ne5 20. Be4 Bg6 21. f4 Ng4 22. h3 Nh6 23. Bxg6+ hxg6 24. g4 Rd8 25. Rxd8+ Kxd8 26. Kf2 Ke7 27. Kf3 Ke6 28. Ne4 b6 29. Nxf6 Kxf6 30. g5+ Kg7 31. gxh6+ Kxh6 32. Kg4 Kh7 33. Kg5 Kg7 34. c4 c5 35. a4 Kf7 36. f5 gxf5 37. Kxf5 a6 38. Ke5 Ke7 39. Kd5 Kd7 40. h4 1-0

[Event "C'Chartres Blitz op"]
[Site "Europe Echecs INT"]
[Date "2020.11.28"]
[Round "2"]
[White "Bruned, Yvalin"]
[Black "Mesples, Jean Marc"]
[Result "1-0"]
[WhiteElo "2286"]
[BlackElo "1892"]
[PlyCount "157"]
[EventDate "2020.11.28"]
[EventType "swiss (blitz)"]
[EventRounds "11"]
[EventCountry "FRA"]
[SourceTitle "CBM 199 Extra"]
[Source "ChessBase"]
[SourceDate "2021.01.31"]
[SourceVersion "1"]
[SourceVersionDate "2021.01.31"]
[SourceQuality "1"]

1. e4 e5 2. Nf3 Nc6 3. Bb5 a6 4. Bxc6 dxc6 5. Nc3 Bd6 6. d4 f6 7. dxe5 fxe5 8. Bg5 Nf6 9. Qd2 Bg4 10. 0-0-0 Qe7 11. h3 Bh5 12. g4 Bf7 13. Nh4 Be6 14. Nf5 Bxf5 15. gxf5 0-0-0 16. Qe2 h6 17. Be3 Kb8 18. f3 Bc5 19. Rhg1 Bxe3+ 20. Qxe3 Nh5 21. Ne2 Rxd1+ 22. Rxd1 Rd8 23. Rg1 Nf6 24. a3 Nd7 25. Nc3 Nb6 26. Qe2 Rd7 27. Rg4 Qd6 28. Rg1 Nc8 29. h4 b5 30. Qh2 Nb6 31. Rd1 Qe7 32. Rxd7 Nxd7 33. Qg3 Kb7 34. Kb1 Nb6 35. b3 a5 36. Qf2 Nd7 37. Kb2 Qc5 38. Qxc5 Nxc5 39. Ne2 Nd7 40. Ng3 c5 41. Nh5 b4 42. a4 Kc8 43. Nxg7 c6 44. Ne6 Kb7 45. c4 Kb6 46. Kc2 Nf6 47. Kd2 Nh5 48. Ke3 Kb7 49. Nxc5+ Kc7 50. Ne6+ Kd6 51. c5+ Ke7 52. f4 exf4+ 53. Nxf4 Nf6 54. e5 Ng4+ 55. Ke4 Nf2+ 56. Kf3 Nd1 57. e6 Nc3 58. Ng6+ Kf6 59. e7 Kf7 60. Ne5+ Kxe7 61. Nxc6+ Kf6 62. Nxa5 Kxf5 63. c6 Nd5 64. Nc4 Ke6 65. Kg4 Nf6+ 66. Kf4 Nd5+ 67. Ke4 Nf6+ 68. Kd4 Nd5 69. Kc5 h5 70. a5 Nc7 71. Kb6 Nd5+ 72. Kb7 Kf5 73. c7 Nxc7 74. Kxc7 Kg4 75. a6 Kxh4 76. a7 Kg3 77. a8Q h4 78. Qh1 h3 79. Kb6 1-0

[Event "C'Chartres Blitz op"]
[Site "Europe Echecs INT"]
[Date "2020.11.28"]
[Round "11"]
[White "Mesples, Jean Marc"]
[Black "Casas, Alexandre"]
[Result "1/2-1/2"]
[WhiteElo "1892"]
[BlackElo "1921"]
[PlyCount "175"]
[EventDate "2020.11.28"]
[EventType "swiss (blitz)"]
[EventRounds "11"]
[EventCountry "FRA"]
[SourceTitle "CBM 199 Extra"]
[Source "ChessBase"]
[SourceDate "2021.01.31"]
[SourceVersion "1"]
[SourceVersionDate "2021.01.31"]
[SourceQuality "1"]

1. d4 Nf6 2. c4 e6 3. Nc3 Bb4 4. e3 Bxc3+ 5. bxc3 c5 6. Bd3 Nc6 7. Nf3 d6 8. 0-0 e5 9. Bc2 0-0 10. a4 b6 11. h3 h6 12. Bb2 Qe7 13. Nd2 Ba6 14. Bd3 Rac8 15. Re1 Na5 16. d5 e4 17. Bf1 Rfe8 18. Qc2 Qe5 19. g3 Qf5 20. Kg2 Rc7 21. Be2 Rce7 22. Nb3 Nxc4 23. Bxc4 Bxc4 24. a5 b5 25. a6 Bxd5 26. Nd2 c4 27. Red1 Be6 28. Rh1 d5 29. Ra5 Rb8 30. Ba3 Rc7 31. Bd6 Rcc8 32. Bxb8 Rxb8 33. Qb2 Bd7 34. Qc2 Bc6 35. Qd1 Nd7 36. Ra1 Ne5 37. Rb1 Nd3 38. Qe2 Rd8 39. Ra1 Rd6 40. Rhb1 Rf6 41. Rf1 Bd7 42. g4 Qg5 43. Rab1 h5 44. f3 exf3+ 45. Rxf3 hxg4 46. Rg3 gxh3+ 47. Kh2 Qe5 48. Rf1 Re6 49. Rff3 Rg6 50. Nf1 Rxg3 51. Nxg3 g6 52. Qf1 Be6 53. e4 dxe4 54. Re3 f5 55. Qe2 Nf4 56. Qf2 Nd5 57. Re1 f4 58. Nxe4 f3+ 59. Ng3 Qd6 60. Qxf3 Nf4 61. Qe4 Bd5 62. Qe8+ Kg7 63. Qe7+ Qxe7 64. Rxe7+ Kf6 65. Rxa7 g5 66. Rc7 g4 67. a7 Ne6 68. Rc8 Ng5 69. Ne2 Nf3+ 70. Kg3 Ne1 71. a8Q Bxa8 72. Rxa8 Ke5 73. Rb8 Ke4 74. Rxb5 Kd3 75. Rg5 h2 76. Kxh2 Kd2 77. Nf4 Nf3+ 78. Kg3 Nxg5 79. Kxg4 Ne4 80. Kf3 Nxc3 81. Ne6 Nd5 82. Ke4 c3 83. Nd4 Nb4 84. Ke5 Nc6+ 85. Nxc6 c2 86. Nd4 c1Q 87. Nb3+ Kc2 88. Nxc1 1/2-1/2

[Event "C'Chartres Blitz op"]
[Site "Europe Echecs INT"]
[Date "2020.11.28"]
[Round "7"]
[White "Mesples, Jean Marc"]
[Black "Kharbouch, Mounir"]
[Result "0-1"]
[WhiteElo "1892"]
[BlackElo "2218"]
[PlyCount "72"]
[EventDate "2020.11.28"]
[EventType "swiss (blitz)"]
[EventRounds "11"]
[EventCountry "FRA"]
[SourceTitle "CBM 199 Extra"]
[Source "ChessBase"]
[SourceDate "2021.01.31"]
[SourceVersion "1"]
[SourceVersionDate "2021.01.31"]
[SourceQuality "1"]

1. d4 Nf6 2. c4 g6 3. Nc3 d5 4. cxd5 Nxd5 5. Bd2 Bg7 6. e4 Nxc3 7. Bxc3 0-0 8. Nf3 c5 9. Be2 Bg4 10. dxc5 Bxc3+ 11. bxc3 Qa5 12. Qd4 Nc6 13. Qe3 Rac8 14. 0-0 Bxf3 15. Bxf3 Ne5 16. Be2 Qxc5 17. Qxc5 Rxc5 18. f4 Nc4 19. Rfd1 Nb6 20. Rac1 Rfc8 21. Rd3 Kg7 22. Kf2 Na4 23. Rd7 Nxc3 24. Kf3 R8c7 25. Rxc7 Rxc7 26. a3 b5 27. h3 a5 28. g4 b4 29. axb4 axb4 30. Rc2 Ra7 31. Bc4 Ra3 32. Ke3 Nb5+ 33. Bd3 b3 34. Rb2 Nc3 35. Be2 Nxe2 36. Kxe2 Ra2 0-1

[Event "C'Chartres Blitz op"]
[Site "Europe Echecs INT"]
[Date "2020.11.28"]
[Round "9"]
[White "Mesples, Jean Marc"]
[Black "Stephan, Victor"]
[Result "0-1"]
[WhiteElo "1892"]
[BlackElo "2430"]
[PlyCount "74"]
[EventDate "2020.11.28"]
[EventType "swiss (blitz)"]
[EventRounds "11"]
[EventCountry "FRA"]
[SourceTitle "CBM 199 Extra"]
[Source "ChessBase"]
[SourceDate "2021.01.31"]
[SourceVersion "1"]
[SourceVersionDate "2021.01.31"]
[SourceQuality "1"]

1. d4 Nf6 2. c4 e6 3. Nc3 c5 4. d5 exd5 5. cxd5 d6 6. e4 g6 7. f4 Bg7 8. Bb5+ Nbd7 9. e5 dxe5 10. fxe5 Nh5 11. e6 Qh4+ 12. Kf1 fxe6 13. dxe6 0-0+ 14. Nf3 Ng3+ 15. Kg1 Rxf3 16. gxf3 Bd4+ 17. Kg2 Nxh1 18. Kxh1 Nf6 19. Bc4 Kg7 20. Bd2 Bxc3 21. Bxc3 Qxc4 22. Bxf6+ Kxf6 23. Qd8+ Kxe6 24. Re1+ Kf5 25. Qf8+ Kg5 26. Qe7+ Kh6 27. Qe3+ Kg7 28. Qe7+ Qf7 29. Qe5+ Qf6 30. Qc7+ Kh6 31. Qxc5 Qxf3+ 32. Kg1 Qg4+ 33. Kh1 b6 34. Qe3+ Qg5 35. Qe4 Rb8 36. Rg1 Bb7 37. Rxg5 Kxg5 0-1

[Event "Riscle-B"]
[Site "Riscle"]
[Date "2018.08.08"]
[Round "4"]
[White "Camilleri, Herve"]
[Black "Mesples, Jean Marc"]
[Result "0-1"]
[WhiteElo "1840"]
[BlackElo "1846"]
[PlyCount "114"]
[EventDate "2018.08.06"]
[EventType "tourn"]
[EventRounds "7"]
[EventCountry "FRA"]
[SourceTitle "EXT 2020"]
[Source "ChessBase"]
[SourceDate "2019.10.17"]
[SourceVersion "1"]
[SourceVersionDate "2019.10.17"]
[SourceQuality "1"]

1. d4 d5 2. Nf3 Nf6 3. Bf4 c5 4. c3 Nc6 5. e3 Qb6 6. Qb3 c4 7. Qxb6 axb6 8. Na3 Na7 9. Be2 e6 10. Nc2 b5 11. 0-0 Nc6 12. b3 Ne4 13. bxc4 Nxc3 14. Rfe1 bxc4 15. Bf1 Nb4 16. Nxb4 Bxb4 17. Rec1 Rxa2 18. Rxa2 Nxa2 19. Ra1 Nc3 20. Bc7 0-0 21. Ba5 Bxa5 22. Rxa5 b5 23. Ne5 f6 24. Nc6 Bb7 25. Nb4 Ra8 26. Rxa8+ Bxa8 27. f3 e5 28. Kf2 exd4 29. exd4 Bb7 30. Ke3 Kf7 31. Kd2 Na4 32. g4 Ke6 33. f4 Kd6 34. Bg2 Nb6 35. Bf3 Nc8 36. h4 h6 37. h5 Ne7 38. f5 Nc6 39. Kc3 Nd8 40. Nc2 Nf7 41. Ne3 Ng5 42. Bg2 Nh7 43. Bf3 Nf8 44. Ng2 Nd7 45. Nf4 Nb8 46. Ne6 Nc6 47. Nxg7 b4+ 48. Kb2 c3+ 49. Kc1 Nxd4 50. Bd1 Bc6 51. g5 fxg5 52. f6 Bd7 53. Kb1 b3 54. Kc1 c2 55. f7 Ke7 56. Bg4 Kxf7 57. Bxd7 Ne2+ 0-1

[Event "Condom op 10th"]
[Site "Condom"]
[Date "2010.07.15"]
[Round "6"]
[White "Choisy, Mathilde"]
[Black "Mesples, Jean Marc"]
[Result "1-0"]
[WhiteElo "2168"]
[BlackElo "1885"]
[PlyCount "81"]
[EventDate "2010.07.??"]
[EventType "swiss"]
[EventRounds "9"]
[EventCountry "FRA"]
[SourceTitle "EXT 2011"]
[Source "ChessBase"]
[SourceDate "2010.11.26"]
[SourceVersion "1"]
[SourceVersionDate "2010.11.26"]
[SourceQuality "1"]

1. a3 d5 2. d3 c5 3. g3 Nc6 4. Bg2 Nf6 5. Nf3 Bg4 6. 0-0 e6 7. Nbd2 Be7 8. c3 Qc7 9. b4 cxb4 10. axb4 0-0 11. h3 Bh5 12. Bb2 a6 13. Qb3 Rac8 14. Rfb1 Qb6 15. Ba3 Rfd8 16. b5 axb5 17. Bxe7 Nxe7 18. g4 Bg6 19. Ra3 Rc5 20. Nd4 e5 21. Nxb5 Rdc8 22. Na7 Qxb3 23. Nxb3 Rxc3 24. Nxc8 Rxc8 25. Ra7 Nc6 26. Rxb7 Nd8 27. Rb5 e4 28. Rc1 Ra8 29. dxe4 Bxe4 30. Bxe4 dxe4 31. Rbc5 Kf8 32. Rc8 Rxc8 33. Rxc8 Ke7 34. Nc5 Nd5 35. Nxe4 Nf4 36. e3 Nfe6 37. Nc5 Ng5 38. Kg2 f6 39. Rc7+ Kd6 40. Rd7+ Kxc5 41. Rxd8 1-0

[Event "FRA-chT4 0809"]
[Site "France "]
[Date "2009.01.18"]
[Round "4"]
[White "Oriot, Patrice"]
[Black "Mesples, Jean Marc"]
[Result "1-0"]
[WhiteElo "1966"]
[BlackElo "2030"]
[PlyCount "91"]
[EventDate "2008.10.??"]
[EventType "team-tourn"]
[EventRounds "9"]
[EventCountry "FRA"]
[SourceTitle "EXT 2010"]
[Source "ChessBase"]
[SourceDate "2010.11.25"]
[SourceVersion "1"]
[SourceVersionDate "2010.11.25"]
[SourceQuality "1"]

1. e4 e5 2. Nf3 Nc6 3. Bb5 a6 4. Ba4 Nf6 5. 0-0 Be7 6. Re1 b5 7. Bb3 0-0 8. a4 Bb7 9. d3 d6 10. Nbd2 Na5 11. Ba2 c5 12. c3 Nc6 13. Nf1 Qc7 14. Ne3 b4 15. Bd2 bxc3 16. bxc3 Bc8 17. Qc2 Qa7 18. h3 h6 19. Rab1 Be6 20. Bd5 Bxd5 21. exd5 Nb8 22. c4 Re8 23. Nf5 Bf8 24. g4 a5 25. Rb5 Qc7 26. Reb1 Ra7 27. Qb2 Nbd7 28. Rb7 Rxb7 29. Qxb7 Qxb7 30. Rxb7 e4 31. dxe4 Rxe4 32. Ne3 Re8 33. h4 Ne5 34. Nxe5 Rxe5 35. Kg2 Re4 36. Kf3 Rd4 37. Bxa5 Ne4 38. Rb2 g6 39. Ra2 Be7 40. h5 gxh5 41. gxh5 Bg5 42. Bc7 Bxe3 43. fxe3 Rxc4 44. a5 Nf6 45. a6 Nxd5 46. Bd8 1-0